Pedagogía del optimismo: guía para lograr ambientes positivos y estimulantes

Wedi'i Gadw mewn:
Manylion Llyfryddiaeth
Prif Awduron: Agueda Marujo, Helena (Awdur), Neto, Luís Miguel (Awdur), Perloiro, Maria de Fátima (Awdur)
Fformat: Llyfr
Iaith:Sbaeneg
Cyhoeddwyd: Madrid Narcea 2003
Cyfres:Educación Hoy
Pynciau:
Tagiau: Ychwanegu Tag
Dim Tagiau, Byddwch y cyntaf i dagio'r cofnod hwn!

MARC

LEADER 00000cam a2200000 a 4500
001 UCK0247
003 CL-VaPUC
008 040924e20030000SP |||||||||||||||||spa|d
020 |a 8427713770 
082 0 4 |a 370.15  |b AGU  |2 21 
100 0 |a Agueda Marujo, Helena  |e author  |9 488155 
700 0 |a Neto, Luís Miguel  |e author  |9 488156 
700 0 |a Perloiro, Maria de Fátima  |e author  |9 488157 
245 1 0 |a Pedagogía del optimismo: guía para lograr ambientes positivos y estimulantes 
300 |a 132 p 
942 |c BK 
945 |d 20040924 00:00:00  |a cmena 
260 |a Madrid  |b Narcea  |c 2003 
650 0 |a Psicología educacional   |9 307830 
650 0 |a Autoestima  |9 308492 
650 0 |a Rol del docente  |9 329733 
583 |a last modification  |c 20190507 08:50:06  |k Rodrigo Vera 
490 0 |a Educación Hoy 
999 |c 310735  |d 310733 
952 |0 0  |1 0  |4 0  |6 370_150000000000000_AGU_2003  |7 0  |8 A  |9 379673  |a BIBEDU  |b BIBEDU  |d 2019-11-21  |i 4066014  |o 370.15 AGU 2003  |p 4066014  |r 2019-11-21  |w 2019-11-21  |y BK  |k PAR